Perspectivas etico-juridicas (Registro nro. 5867)

Detalles MARC
000 -LEADER
fixed length control field 00828 a2200205 4500
001 - CONTROL NUMBER
control field 55005
005 - DATE AND TIME OF LATEST TRANSACTION
control field 20260407155825.0
008 - FIXED-LENGTH DATA ELEMENTS--GENERAL INFORMATION
fixed length control field 260407a1990 arg spa d
003 - CONTROL NUMBER IDENTIFIER
control field AR-UNSa-BCEJYS
040 ## - CATALOGING SOURCE
Original cataloging agency AR-UNSa-BCEJYS
Language of cataloging spa
Transcribing agency AR-UNSa-BCEJYS
080 ## - UNIVERSAL DECIMAL CLASSIFICATION NUMBER
Universal Decimal Classification number 101.1
Common auxiliary subdivision Naturaleza de la filosofía. La filosofía como ciencia. La filosofía como arte (pensamiento filosófico)
020 ## - INTERNATIONAL STANDARD BOOK NUMBER
International Standard Book Number 950-20-0585-4
100 1# - MAIN ENTRY--PERSONAL NAME
Personal name Borda de Rojas Paz, Nerva
245 10 - TITLE STATEMENT
Title Perspectivas etico-juridicas
Name of part/section of a work una lectur aamericana
264 #1 - PRODUCTION, PUBLICATION, DISTRIBUTION, MANUFACTURE, AND COPYRIGHT NOTICE
Place of production, publication, distribution, manufacture Buenos Aires :
Name of producer, publisher, distributor, manufacturer Abeledo Perrot
Date of production, publication, distribution, manufacture, or copyright notice 1990
300 ## - PHYSICAL DESCRIPTION
Extent 158 p.
Dimensions 17 cm.
505 ## - FORMATTED CONTENTS NOTE
Formatted contents note 1. Libertad como moral y derecho – 2. Bobbio: lo formal en la ética y el derecho – 3. Ética y otología americanas (su institucionalización jurídica).
590 ## - LOCAL NOTE (RLIN)
Local note niveau_biblio:m niveau_hierar:0
942 ## - ADDED ENTRY ELEMENTS (KOHA)
Koha item type
Existencias
Withdrawn status Lost status Damaged status Not for loan Home library Current library Shelving location Date acquired Total checkouts Full call number Barcode Date last seen Price effective from Koha item type
        Biblioteca Prof. Eusebio Cleto del Rey Biblioteca Prof. Eusebio Cleto del Rey   07/04/2026   101.1 B727 L58881 07/04/2026 07/04/2026 Libro